Catálogo
 En Linea

Recursos humanos, política de empleo y población en República Dominicana / (Registro nro. 32090)

Detalles MARC
000 -CABECERA
campo de control de longitud fija 00640nam a2200181 a 4500
001 - NÚMERO DE CONTROL
campo de control 000032599
005 - FECHA Y HORA DE LA ÚLTIMA TRANSACCIÓN
campo de control 20230519124858.0
008 - DATOS DE LONGITUD FIJA--INFORMACIÓN GENERAL
campo de control de longitud fija 110719s1975 000 spa d
040 ## - FUENTE DE LA CATALOGACIÓN
Centro catalogador/agencia de origen DO-SdBNP
Lengua de catalogación spa
Centro/agencia transcriptor BNPHU
040 ## - FUENTE DE LA CATALOGACIÓN
Centro catalogador/agencia de origen DO-SdBNP
082 ## - NÚMERO DE LA CLASIFICACIÓN DECIMAL DEWEY
Número de clasificación xx
Número de documento/Ítem xx
100 1# - ENTRADA PRINCIPAL--NOMBRE DE PERSONA
Nombre de persona Heredia B., Miguel A.
9 (RLIN) 50040
245 10 - MENCIÓN DE TÍTULO
Título Recursos humanos, política de empleo y población en República Dominicana /
Mención de responsabilidad, etc. Miguel A. Heredia B., Vivían Mota.
260 ## - PUBLICACIÓN, DISTRIBUCIÓN, ETC.
Lugar de publicación, distribución, etc. Santo Domingo, Republica Dominicana :
Nombre del editor, distribuidor, etc. Asociación Dominicana Probienstar de la Familia,
Fecha de publicación, distribución, etc. 1975.
300 ## - DESCRIPCIÓN FÍSICA
Extensión ]38[p. ;
Dimensiones 21 cm.
590 ## - NOTA LOCAL (RLIN)
Nota local Inventariado, 2019/VM
700 1# - PUNTO DE ACCESO ADICIONAL--NOMBRE DE PERSONA
Nombre de persona Mota, Vivían
9 (RLIN) 58514
Existencias
Estado de retiro Estado de pérdida Restricciones de uso No para préstamo Código de colección Localización permanente Ubicación/localización actual Ubicación en estantería Fecha de adquisición Número de inventario Total de préstamos Signatura topográfica completa Código de barras Fecha visto por última vez Precio válido a partir de Tipo de ítem Koha
      Excluido de préstamo Monografías: Libros y Folletos Patrimonio Dominicano Patrimonio Dominicano Depósito 19.07.2011 LF1   xx xx 32599-10 25.06.2020 25.06.2020 No se presta

Con tecnología Koha